Impact of the Children at Risk Program, Volumes I and II

Gespeichert in:  
Bibliographische Detailangaben
VerfasserInnen: Harrell, Adele V. (Verfasst von) ; Sridharan, Sanjeev (Verfasst von) ; Koper, Christopher S. (Verfasst von) ; Harmon, Michele A. (Verfasst von) ; Cavanagh, Shannon E. (Verfasst von)
Medienart: Druck Buch
Sprache:Englisch
Veröffentlicht: [Erscheinungsort nicht ermittelbar] United States Department of Justice, National Institute of Justice 1997
In:Jahr: 1997
Verfügbarkeit prüfen: HBZ Gateway
Subito Bestelldienst: Jetzt bestellen.

MARC

LEADER 00000cam a22000002c 4500
001 1912582023
003 DE-627
005 20250126055014.0
007 tu
008 241217s1997 xx ||||| 00| ||eng c
035 |a (DE-627)1912582023 
035 |a (DE-599)KXP1912582023 
040 |a DE-627  |b ger  |c DE-627  |e rda 
041 |a eng 
084 |a 2,1  |2 ssgn 
100 1 |a Harrell, Adele V.  |e VerfasserIn  |4 aut 
109 |a Harrell, Adele V.  |a Vogel Harrell, Adele  |a Harrell, Adele 
245 1 0 |a Impact of the Children at Risk Program, Volumes I and II 
264 1 |a [Erscheinungsort nicht ermittelbar]  |b United States Department of Justice, National Institute of Justice  |c 1997 
336 |a Text  |b txt  |2 rdacontent 
337 |a ohne Hilfsmittel zu benutzen  |b n  |2 rdamedia 
338 |a Band  |b nc  |2 rdacarrier 
700 1 |a Sridharan, Sanjeev  |e VerfasserIn  |4 aut 
700 1 |a Koper, Christopher S.  |e VerfasserIn  |0 (DE-588)104723128X  |0 (DE-627)777880563  |0 (DE-576)400582554  |4 aut 
700 1 |a Harmon, Michele A.  |e VerfasserIn  |4 aut 
700 1 |a Cavanagh, Shannon E.  |e VerfasserIn  |4 aut 
787 0 8 |i Forschungsdaten  |a Harrell, Adele V.  |t Evaluation of the Children at Risk Program in Austin, Texas, Bridgeport, Connecticut, Memphis, Tennessee, Savannah, Georgia, and Seattle, Washington, 1993-1997  |d [Erscheinungsort nicht ermittelbar] : [Verlag nicht ermittelbar], 2000  |w (DE-627)1840061189 
935 |a mkri 
951 |a BO 
ELC |b 1 
LOK |0 000 xxxxxcx a22 zn 4500 
LOK |0 001 4637547520 
LOK |0 003 DE-627 
LOK |0 004 1912582023 
LOK |0 005 20241217044548 
LOK |0 008 241217||||||||||||||||ger||||||| 
LOK |0 035   |a (DE-2619)ICPSR13396 
LOK |0 040   |a DE-2619  |c DE-627  |d DE-2619 
LOK |0 092   |o n 
LOK |0 852   |a DE-2619 
LOK |0 852 1  |9 00 
LOK |0 935   |a nacp 
LOK |0 939   |a 17-12-24  |b l01 
ORI |a SA-MARC-krimdoka001.raw